000 00781nam a2200253 i 4500
001 bg
003 BPK
005 20190719115211.0
008 070620s1969 pl a f f |000 0 pol
015 _aPB 1969/6264
040 _aWA N
_cBPK
080 _a621.01
080 _a(075.8)
100 1 _aKorewa, Witold
_d(1899-1976).
_eAutor
245 1 0 _aCzęści maszyn.
_nCz. 2 /
_cWitold Korewa.
250 _aWyd. 7.
260 _aWarszawa :
_bPaństwowe Wydawnictwo Naukowe,
_c1969.
300 _a201, [1] s. :
_bil. ;
_c23 cm.
504 _aBibliogr.
650 4 _aMaszyny
_xbudowa i konstrukcje.
655 4 _aPodręczniki akademickie
856 _uhttp://koha.tu.koszalin.pl/cgi-bin/koha/opac-detail.pl?biblionumber=10168
_yKatalog online BPK
942 _2UKD
_cKS
999 _c10168
_d10168